000 00303pab a2200145 454500
008 180718b1985 xxu||||| |||| 00| 0 eng d
100 _aVerma, Kewal
245 _aBudget and plan
260 _c1985
300 _a9-11
362 _a13 Apr.
650 _aBudget
773 _aMainstream
909 _a4718
999 _c4718
_d4718